Statistics for Sub-provincial cities in China 中国副省级市

Click here to take the quiz!

General Stats

  • This quiz has been taken 2 555 times
    (2 464 since last reset)
  • The average score is 13 of 15

Answers on the Map

Answers color-coded by a green-red scale on the quiz's map according to % correct below.
 

Answer Stats

ProvinceCity% Correct
SichuanChengdu 成都
92%
GuangdongGuangzhou 广州
92%
ZhejiangHangzhou 杭州
90%
JiangsuNanjing 南京
90%
GuangdongShenzhen 深圳
90%
HubeiWuhan 武汉
89%
FujianXiamen 厦门
89%
HeilongjiangHarbin 哈尔滨
88%
LiaoningShenyang 沈阳
88%
JilinChangchun 长春
87%
ShandongJinan 济南
87%
ShaanxiXi'an 西安
87%
LiaoningDalian 大连
85%
ZhejiangNingbo 宁波
76%
ShandongQingdao 青島
73%

Score Distribution

Percentile by Number Answered

Percent of People with Each Score

Your Score History

You have not taken this quiz since the last reset